|
|
|
|
| LEADER |
00000nam0a2200000 4500 |
| 001 |
372669 |
| 005 |
20231102012510.0 |
| 035 |
|
|
|a (RuTPU)RU\TPU\retro\30094
|
| 035 |
|
|
|a RU\TPU\book\307066
|
| 090 |
|
|
|a 372669
|
| 100 |
|
|
|a 20221215d1987 m y0rusy50 ca
|
| 101 |
0 |
|
|a rus
|
| 102 |
|
|
|a RU
|
| 105 |
|
|
|a a z 001zy
|
| 200 |
1 |
|
|a Песнь жар-птицы : рассказы о народных праздниках
|f А. С. Миловский
|g под ред. А. А. Проворовой
|
| 210 |
|
|
|a Москва
|c Детская литература
|d 1987
|
| 215 |
|
|
|a 190 с.
|c в основном цв. ил.
|
| 225 |
1 |
|
|a Библиотечная серия
|
| 320 |
|
|
|a Вступительная статья: с. 7-13
|
| 606 |
1 |
|
|a Краеведение
|2 stltpush
|3 (RuTPU)RU\TPU\subj\16068
|9 42256
|
| 610 |
1 |
|
|a научно-популярная литература
|
| 610 |
1 |
|
|a народные праздники
|
| 610 |
1 |
|
|a народные традиции
|
| 610 |
1 |
|
|a народный календарь
|
| 610 |
1 |
|
|a обряды
|
| 610 |
1 |
|
|a народные песни
|
| 610 |
1 |
|
|a традиции
|
| 675 |
|
|
|a 908
|v 3
|
| 700 |
|
1 |
|a Миловский
|b А. С.
|g Александр Сергеевич
|4 070
|
| 702 |
|
1 |
|a Проворова
|b А. А.
|4 340
|
| 801 |
|
1 |
|a RU
|b 63413507
|c 20150204
|
| 801 |
|
2 |
|a RU
|b 63413507
|c 20221215
|g RCR
|
| 942 |
|
|
|c BK
|